Introducción a la lógica simbólica (Registro nro. 131742)

Detalles MARC
000 -LEADER
campo de control de longitud fija 00562nam a2200193 4500
001 - NÚMERO DE CONTROL
campo de control 131742
003 - IDENTIFICADOR DE NÚMERO DE CONTROL
campo de control ES-MaACL
005 - FECHA Y HORA DE LA ÚLTIMA TRANSACCIÓN
campo de control 20230906194034.0
007 - CAMPO FIJO DE DESCRIPCIÓN FÍSICA--INFORMACIÓN GENERAL
campo de control de longitud fija t|
008 - DATOS DE LONGITUD FIJA--INFORMACIÓN GENERAL
campo de control de longitud fija 070214s1985 sp r ||||1| spa d
100 1# - ENTRADA PRINCIPAL--NOMBRE DE PERSONA
Nombre de persona Rodríguez Lozano, Vicente.
9 (RLIN) 98625
245 10 - MENCIÓN DEL TÍTULO
Título Introducción a la lógica simbólica
Resto del título : (lógica de enunciados) /
Mención de responsabilidad, etc. Vicente Rodríguez Lozano.
260 ## - PUBLICACIÓN, DISTRIBUCIÓN, ETC.
Lugar de publicación, distribución, etc. Madrid :
Nombre del editor, distribuidor, etc. Akal,
Fecha de publicación, distribución, etc. 1985.
300 ## - DESCRIPCIÓN FÍSICA
Extensión 204 p. ;
Dimensiones 23 cm.
490 1# - MENCIÓN DE SERIE
Mención de serie Textos
830 0# - PUNTO DE ACCESO ADICIONAL DE SERIE-TÍTULO UNIFORME
Título uniforme Textos
9 (RLIN) 179017
852 ## - LOCALIZACIÓN
Ubicación ES-MaACL
Número de control de estantería L-10822
Sublocalización o colección R.110630
Existencias
Estatus retirado Estado de pérdida Estado de daño No para préstamo Biblioteca de origen Biblioteca actual Ubicación en estantería Fecha de adquisición Fuente de adquisición Total de préstamos Signatura topográfica completa Código de barras Visto por última vez Precio de reemplazo Tipo de ítem Koha
        Biblioteca del Ateneo de Madrid Biblioteca del Ateneo de Madrid Depósito 2 17/01/2008     L-10822 1137150 23/02/2023 23/02/2023 Libro impreso